<?xml version="1.0" encoding="UTF-8"?><?xml-stylesheet type="text/xsl" href="static/style.xsl"?><OAI-PMH xmlns="http://www.openarchives.org/OAI/2.0/" xmlns:xsi="http://www.w3.org/2001/XMLSchema-instance" xsi:schemaLocation="http://www.openarchives.org/OAI/2.0/ http://www.openarchives.org/OAI/2.0/OAI-PMH.xsd"><responseDate>2026-04-29T10:05:35Z</responseDate><request verb="GetRecord" identifier="oai:riubu.ubu.es:10259/5263" metadataPrefix="marc">https://riubu.ubu.es/oai/request</request><GetRecord><record><header><identifier>oai:riubu.ubu.es:10259/5263</identifier><datestamp>2021-11-02T12:07:10Z</datestamp><setSpec>com_10259_4734</setSpec><setSpec>com_10259_5086</setSpec><setSpec>com_10259_2604</setSpec><setSpec>col_10259_4735</setSpec></header><metadata><record xmlns="http://www.loc.gov/MARC21/slim" xmlns:doc="http://www.lyncode.com/xoai" xmlns:xsi="http://www.w3.org/2001/XMLSchema-instance" xmlns:dcterms="http://purl.org/dc/terms/" xsi:schemaLocation="http://www.loc.gov/MARC21/slim http://www.loc.gov/standards/marcxml/schema/MARC21slim.xsd">
<leader>00925njm 22002777a 4500</leader>
<datafield tag="042" ind1=" " ind2=" ">
<subfield code="a">dc</subfield>
</datafield>
<datafield tag="720" ind1=" " ind2=" ">
<subfield code="a">Ubillos Landa, Silvia</subfield>
<subfield code="e">author</subfield>
</datafield>
<datafield tag="720" ind1=" " ind2=" ">
<subfield code="a">Puente Martínez, Alicia</subfield>
<subfield code="e">author</subfield>
</datafield>
<datafield tag="720" ind1=" " ind2=" ">
<subfield code="a">Arias Rodríguez, Gina</subfield>
<subfield code="e">author</subfield>
</datafield>
<datafield tag="720" ind1=" " ind2=" ">
<subfield code="a">Gracia Leiva, Marcela</subfield>
<subfield code="e">author</subfield>
</datafield>
<datafield tag="720" ind1=" " ind2=" ">
<subfield code="a">González Castro, José Luis</subfield>
<subfield code="e">author</subfield>
</datafield>
<datafield tag="260" ind1=" " ind2=" ">
<subfield code="c">2019-10</subfield>
</datafield>
<datafield tag="520" ind1=" " ind2=" ">
<subfield code="a">The effects of armed conflict on women in post-conflict situations are an area of analysis for social disciplines. This study&#xd;
will analyze the situation in Colombia, currently involved in a peace restoration process. The aim is to verify the efficacy of a&#xd;
coping and emotion regulation program analyzing victimization as well as the coping strategies employed in response to these&#xd;
violent acts. The program focuses on 62 women contacted through the Ruta Pacífica de las Mujeres, a nongovernmental&#xd;
organization. The program had a positive effect on women, reporting lower levels of posttraumatic stress, more functional&#xd;
coping strategies, and less use of dysfunctional strategies. All emotional cognitive and social indicators improved. Women&#xd;
felt emotionally better, perceiving greater social support and more trust in institutions. Survivors had more self-confidence&#xd;
to achieve their goals and solve their problems. The implications in a context of peace reconstruction and search for social&#xd;
cohesion are discussed.</subfield>
</datafield>
<datafield tag="024" ind2=" " ind1="8">
<subfield code="a">2158-2440</subfield>
</datafield>
<datafield tag="024" ind2=" " ind1="8">
<subfield code="a">http://hdl.handle.net/10259/5263</subfield>
</datafield>
<datafield tag="024" ind2=" " ind1="8">
<subfield code="a">10.1177/2158244019894072</subfield>
</datafield>
<datafield tag="024" ind2=" " ind1="8">
<subfield code="a">2158-2440</subfield>
</datafield>
<datafield ind1=" " ind2=" " tag="653">
<subfield code="a">female victims</subfield>
</datafield>
<datafield ind1=" " ind2=" " tag="653">
<subfield code="a">effectiveness of intervention</subfield>
</datafield>
<datafield ind1=" " ind2=" " tag="653">
<subfield code="a">coping and affect regulation</subfield>
</datafield>
<datafield tag="245" ind1="0" ind2="0">
<subfield code="a">Coping Strategies Used by Female Victims of the Colombian Armed Conflict: The Women in the Colombian Conflict (MUCOCO) Program</subfield>
</datafield>
</record></metadata></record></GetRecord></OAI-PMH>